| 000 | 00709nam a22002297a 4500 | ||
|---|---|---|---|
| 003 | OSt | ||
| 005 | 20250711063751.0 | ||
| 008 | 250711b |||||||| |||| 00| 0 eng d | ||
| 020 | _a9789814577342 | ||
| 040 |
_aDWCL - Main lib _cOC |
||
| 082 | _aCirc. 693 D228d 2016 | ||
| 100 | _aDarwin, David | ||
| 245 |
_aDesign of concrete structures/ _cDarwin David |
||
| 250 | _aFifteenth edition. | ||
| 260 |
_a New York, NY : _bMcGraw-Hill Education, _cc2016. |
||
| 300 |
_axiv, 786 pages : _b illustrations ; _c26 cm. |
||
| 504 | _aIncludes index. | ||
| 650 | _a1.Concrete construction. | ||
| 700 | _aCharles W. Dolan | ||
| 700 | _aNilson H. Arthur | ||
| 942 |
_2ddc _cBK-CIRC _eFifteenth edition. _kCirc. _n0 |
||
| 999 |
_c3624 _d3624 |
||